Informačný systém na spracovanie údajov zo znečistenia životného prostredia

Saved in:
Bibliographic Details
Main Author: Kopúň, Peter (Author)
Other Authors: Vojs, Marian (Thesis advisor)
Format: Manuscript Book
Language:Slovak
Published: Bratislava : STU v Bratislave FEI, 2020
Subjects:
Online Access:https://opac.crzp.sk/?fn=detailBiblioForm&sid=201CE56335A527AB040B9A791929&seo=CRZP-detail-kniha
Tags: Add Tag
No Tags, Be the first to tag this record!

MARC

LEADER 00000ntm a22000003a 4500
001 stuzp77710
003 SK-STU
005 20200729122554.4
007 ta
008 150427s2015----xo-----f-mn---000-0-slo-d
040 |a STU  |b slo 
041 0 |a slo 
044 |a xo 
100 1 |a Kopúň, Peter  |u 033000  |4 aut  |U FEI Fakulta elektrotechniky a informatiky  |T FEI Ústav elektroniky a fotoniky  |X 92229  |U E030  |Y 549  |7 92229 
242 0 1 |a Information system for processing data from environmental pollutions  |y eng 
245 1 0 |a Informačný systém na spracovanie údajov zo znečistenia životného prostredia 
260 |c Bratislava :  |c STU v Bratislave FEI,  |c 2020 
300 |a 48 s. 
650 4 |a PHP  |2 slo 
650 4 |a Laravel  |2 slo 
650 4 |a Informačný system  |2 slo 
650 4 |a PHP  |2 eng 
650 4 |a Laravel  |2 eng 
650 4 |a Information system  |2 eng 
700 1 |a Vojs, Marian  |u 033000  |k Z2  |4 ths  |U FEI Fakulta elektrotechniky a informatiky  |T FEI Ústav elektroniky a fotoniky  |X 2979  |U E030  |Y 549  |7 A000002979 
856 4 |u https://opac.crzp.sk/?fn=detailBiblioForm&sid=201CE56335A527AB040B9A791929&seo=CRZP-detail-kniha